000 00615nam a2200229Ia 4500
003 OSt
005 20221007071709.0
006 a|||||r|||| 00| 0
007 ta
008 221006b |||||||| |||| 00| 0 eng d
024 _a12,934
037 _cTextual
040 _aFLL
_cFLL
_beng
041 _2eng
_aeng
082 _aV34:2:9Z, G2
100 _aKohn L. Au.
_9689234
245 0 _aConstitution of the irish free state
260 _aLondon
_bGeorge allen and unwin ltd. London
_c1932
300 _a423p
_ccm.
942 _hV34:2:9Z, G2
_cTEXL
_2CC
999 _c1144003
_d1144003